000 00342pab a2200157 454500
008 180718b2000 xxu||||| |||| 00| 0 eng d
100 _aRao, K. Mohan
245 _aTraditional tribal panchayats
260 _c2000
300 _ap.22-24
362 _aApr
650 _aPanchayat
650 _aTribes
773 _aYojana
909 _a44212
999 _c44212
_d44212